Score 0/12 Timer 01:00
3 Plays Today
% Correct
Orange
97.6%
Family
97.5%
Cards
95.7%
Polo
95.5%
Grace
94.5%
Murderer
88.3%
Master
84.9%
Daredevil
82%
Grove
77.4%
Horseman
73.7%
6
72.6%
Beasts
65.4%

Today's Daily Dose

Remove Ads.
Support Sporcle.
Get the best of Sporcle when you Go Orange. This ad-free experience offers more features, more stats, and more fun while also helping to support Sporcle. Thank you for becoming a member.

You're not logged in!

Compare scores with friends on all Sporcle quizzes.
OR
Log In

Show Comments

Extras

Top Quizzes Today


Score Distribution

Your Account Isn't Verified!

In order to create a playlist on Sporcle, you need to verify the email address you used during registration. Go to your Sporcle Settings to finish the process.

Report this User

Report this user for behavior that violates our Community Guidelines.

Details: